| 000 -LEADER |
| fixed length control field |
00854cam a22002414a 4500 |
| 003 - CONTROL NUMBER IDENTIFIER |
| control field |
OSt |
| 005 - DATE AND TIME OF LATEST TRANSACTION |
| control field |
20231223132309.0 |
| 008 - FIXED-LENGTH DATA ELEMENTS--GENERAL INFORMATION |
| fixed length control field |
040610s2004 caua b 001 0 eng |
| 020 ## - INTERNATIONAL STANDARD BOOK NUMBER |
| International Standard Book Number |
9780892367757 |
| 041 1# - LANGUAGE CODE |
| Language code of text/sound track or separate title |
eng |
| Language code of original and/or intermediate translations of text |
gre |
| 043 ## - GEOGRAPHIC AREA CODE |
| Geographic area code |
e-gr--- |
| 082 00 - DEWEY DECIMAL CLASSIFICATION NUMBER |
| Classification number |
720.94 |
| Edition number |
22 |
| Item number |
BIR |
| 100 1# - MAIN ENTRY--PERSONAL NAME |
| Personal name |
Birēs, Manos G. |
| 240 10 - UNIFORM TITLE |
| Uniform title |
<a href="Neoklasikē architektonikē stēn Hellada.">Neoklasikē architektonikē stēn Hellada.</a> |
| Language of a work |
English |
| 245 10 - TITLE STATEMENT |
| Title |
Neoclassical architecture in Greece / |
| Statement of responsibility, etc |
Manos Biris, Maro Kardamitsi-Adami ; [David Hardy, translator]. |
| 260 ## - PUBLICATION, DISTRIBUTION, ETC. (IMPRINT) |
| Place of publication, distribution, etc |
Los Angeles : |
| Name of publisher, distributor, etc |
J. Paul Getty Museum, |
| Date of publication, distribution, etc |
2004. |
| 300 ## - PHYSICAL DESCRIPTION |
| Extent |
312 p. : |
| Other physical details |
ill. (chiefly col.) ; |
| Dimensions |
30 cm. |
| 504 ## - BIBLIOGRAPHY, ETC. NOTE |
| Bibliography, etc |
Includes bibliographical references (p. 305-307) and index. |
| 650 #0 - SUBJECT ADDED ENTRY--TOPICAL TERM |
| Topical term or geographic name as entry element |
Architecture |
| Geographic subdivision |
Greece |
| General subdivision |
History |
| Chronological subdivision |
19th century. |
| 650 #0 - SUBJECT ADDED ENTRY--TOPICAL TERM |
| Topical term or geographic name as entry element |
Neoclassicism (Architecture) |
| Geographic subdivision |
Greece. |
| 700 1# - ADDED ENTRY--PERSONAL NAME |
| Personal name |
Kardamitsē-Adamē, Marō. |
| 942 ## - ADDED ENTRY ELEMENTS (KOHA) |
| Source of classification or shelving scheme |
|